书目信息 |
| 题名: |
悦读台湾
|
|
| 作者: | 夏雪 著 | |
| 分册: | ||
| 出版信息: | 北京 当代中国出版社 2014 |
|
| 页数: | 343页 | |
| 开本: | 23cm | |
| 丛书名: | ||
| 单 册: | ||
| 中图分类: | K928.958 | |
| 科图分类: | ||
| 主题词: | 旅游指南--lu^ you zhi nan--台湾 | |
| 电子资源: | ||
| ISBN: | 978-7-5154-0473-8 | |
| 000 | 00825nam0 2200241 450 | |
| 001 | 1645162281 | |
| 005 | 20141030111032.5 | |
| 010 | @a978-7-5154-0473-8@dCNY65.00 | |
| 100 | @a20141028d2014 em y0chiy50 ea | |
| 101 | 0 | @achi |
| 102 | @aCN@b110000 | |
| 105 | @aab z 000yy | |
| 106 | @ar | |
| 200 | 1 | @a悦读台湾@Ayue du tai wan@d= Happy reading Taiwan@f夏雪著@zeng |
| 210 | @a北京@c当代中国出版社@d2014 | |
| 215 | @a343页@c彩图, 地图@d23cm | |
| 330 | @a本书主要内容包括: 兰屿: 在希望与不希望中前行 ; 九份: 像雾像雨又像风 ; 最后的火车站 ; 宁静的金门 ; 澎湖: 在太阳转身的地方逐浪 ; 阿里山, 桧木樱花相辉映等。 | |
| 510 | 1 | @aHappy reading Taiwan@zeng |
| 606 | 0 | @a旅游指南@Alu^ you zhi nan@y台湾 |
| 690 | @aK928.958@v5 | |
| 701 | 0 | @a夏雪@Axia xue@4著 |
| 801 | 0 | @aCN@b人天书店@c20141028 |
| 905 | @aBZT@dK928.958@e1 | |
| 悦读台湾= Happy reading Taiwan/夏雪著.-北京:当代中国出版社,2014 |
| 343页:彩图, 地图;23cm |
| ISBN 978-7-5154-0473-8:CNY65.00 |
| 本书主要内容包括: 兰屿: 在希望与不希望中前行 ; 九份: 像雾像雨又像风 ; 最后的火车站 ; 宁静的金门 ; 澎湖: 在太阳转身的地方逐浪 ; 阿里山, 桧木樱花相辉映等。 |
| ● |
| 相关链接 |
|
|
|
正题名:悦读台湾
索取号:K928.958/1
 
预约/预借
| 序号 | 登录号 | 条形码 | 馆藏地/架位号 | 状态 | 备注 |
| 1 | 820196 | 2000820196 | 第二书库/ [索取号:K928.958/1] | 在馆 | |
| 2 | 820197 | 2000820197 | 第二书库/ [索取号:K928.958/1] | 在馆 | |
| 3 | 820198 | 2000820198 | 第二书库/ [索取号:K928.958/1] | 在馆 |